000 00338nam a22001577a 4500
003 SGT
020 _a818974788-6
082 _a547.7
_bKAU
100 _aKAUR, SANDEEP
245 _aNATURAL PRODUCT CHEMISTRY
250 _a2ND
260 _aINDIA
_bBIRLA PUB.
_c2026
300 _a235
650 _aPRODUCT CHEMISTRY
942 _2ddc
_cBK
999 _c32977
_d32977